| 000 | 01069cam a2200313 a 4500 | ||
|---|---|---|---|
| 999 |
_c3149 _d3149 |
||
| 001 | 12031308 | ||
| 003 | OSt | ||
| 005 | 20191127100324.0 | ||
| 008 | 000503s1998 lo b f000 0 eng | ||
| 010 | _a 99892503 | ||
| 020 | _a9991131213 | ||
| 035 | _a(DLC) 99892503 | ||
| 040 |
_aDLC _cDLC _dDLC |
||
| 042 | _alcode | ||
| 043 | _afs----- | ||
| 050 | 0 | 0 |
_aHQ1800 _b.C53 1998 |
| 082 | 0 | 0 |
_a305.4 _221 _bCHA 1998 |
| 100 |
_aEdited by Anita, Larsson; Matseliso, Mapetla; Ann, Schlyter. _913092 |
||
| 245 | 0 | 0 |
_aChanging Gender Relations in Southern Africa: _bissues of urban life |
| 260 |
_aRoma, Lesotho; _bInstitute of Southern African Studies, _c1998. |
||
| 300 |
_a336 p. ; _c21 cm. |
||
| 440 | 0 |
_aISAS book series _97029 |
|
| 504 | _aIncludes bibliographical references. | ||
| 650 | 0 |
_aUrban women _97030 |
|
| 650 | 0 |
_aWomen emancipation _97031 |
|
| 906 |
_a7 _bcbc _corigode _d3 _encip _f19 _gy-gencatlg |
||
| 942 |
_2ddc _cSLOAN |
||